000 00398nam a22001697a 4500
003 MPLRDC
005 20220104114728.0
008 210129b ||||| |||| 00| 0 eng d
082 _a225.6 QL c.2*
100 _a潜龙居士编著
245 _a释迦名言
_c
260 _a
_b泉源出版社
_c1988
300 _b
490 _a智慧哲理丛书;2
650 _a
942 _cBK
_o225.6 QL c.2*
999 _c9759
_d9749